| 000 | 00516nam a2200193Ia 4500 | ||
|---|---|---|---|
| 005 | 20250326124504.0 | ||
| 008 | 250326s9999 xx 000 0 und d | ||
| 037 | _aTextbook | ||
| 040 |
_aFMSL _beng _cFMSL |
||
| 041 |
_aeng _2eng |
||
| 084 |
_aX:8 K4;L2 _qFMSL |
||
| 100 |
_aEwing D W _9736835 |
||
| 245 | 0 |
_aLong-range planning for management _cEwing D W |
|
| 250 | _a3 | ||
| 260 |
_aLondon _bLondon, Harper & Row _c1972 |
||
| 300 | _a464p | ||
| 942 |
_cTB _hX:8 K4;L2 |
||
| 999 |
_c1273918 _d1273918 |
||